Loading...
| Mythology | 0 | 4 | 0 | 0 | 40 | 65 | 76.00 | 0 | 1 | 12.37 | 22.47 |
| Fine Arts - Classical Music | 0 | 3 | 1 | 0 | 25 | 81 | 98.33 | 0 | 1 | 4.83 | 14.65 |
| History - European | 0 | 2 | 0 | 0 | 20 | 48 | 62.00 | 0 | 0 | 7.21 | 8.17 |
| Fine Arts - Painting and Sculpture | 0 | 2 | 0 | 0 | 20 | 88 | 98.00 | 0 | 0 | 2.73 | 9.09 |
| Religion | 0 | 2 | 0 | 0 | 20 | 17 | 57.00 | 0 | 1 | 9.47 | 11.36 |
| Fine Arts - Other | 0 | 2 | 1 | 0 | 15 | 74 | 76.00 | 0 | 0 | 6.32 | 11.36 |
| Literature - World | 0 | 2 | 1 | 0 | 15 | 79 | 96.00 | 1 | 2 | 3.88 | 14.14 |
| Literature - American | 0 | 1 | 0 | 0 | 10 | 125 | 125.00 | 0 | 1 | 0.21 | 8.08 |
| Geography | 0 | 1 | 0 | 0 | 10 | 23 | 23.00 | 1 | 1 | 11.52 | 14.29 |
| Literature - British | 0 | 1 | 1 | 0 | 5 | 69 | 69.00 | 0 | 0 | 3.49 | 5.05 |
| Science - Chemistry | 0 | 1 | 1 | 0 | 5 | 100 | 100.00 | 0 | 0 | 0.00 | 0.91 |
| Social Science | 0 | 0 | 0 | 0 | 0 | 0.00 | 0 | 0 | 0.00 | 0.00 | |
| Literature - European | 0 | 0 | 0 | 0 | 0 | 0.00 | 0 | 0 | 0.00 | 0.00 |